000 00777nam a2200253Ia 4500
999 _c36900
_d36900
001 2851
003 GE_BSU
005 20190612150221.0
008 181216s1996||||fr |||||||||||||| ||fre||
020 _a2130480918
040 _cGE_BSU
041 _afre
080 _a811.133.1(038) B-67
100 _aBloch, Oscar
_92451
245 _aDictionnaire etymologique de la langue francaise /
_cOscar Bloch; W von Wartburg.
260 _bUniversitaires DE FRANCE
264 _aParis:
_bPresses Universitaires de France,
_c1996
300 _a680 p. ;
_b25 см.
653 _aლექსიკონი
653 _aფრანგული ენა
653 _aეტიმოლოგია
700 _aWartburg, W von
_eავტორი
_92450
942 _cBK
_2udc